| 000 | 00660nam a22001577a 4500 | ||
|---|---|---|---|
| 003 | OSt | ||
| 005 | 20151006155906.0 | ||
| 008 | 151006b xxu||||| |||| 00| 0 eng d | ||
| 040 | _cRUA | ||
| 082 | _aAVM HEN 1997 B070 Or.1 | ||
| 100 |
_92205 _aHENG, KING. |
||
| 245 | _aSow and piglet raising at the pig atation of R.U.A, ការចិញ្ចឹមមេជ្រូកផើម និងកូនជ្រូក នៅស្ថានីយ៍ចិញ្ចឹមជ្រូក នៃសាកលវីទ្យាល័យភូមិន្ធកសិកម្ម. | ||
| 260 |
_aphnom phen _bRUA _c1997 |
||
| 300 |
_a59p. _bill. _c29cm. |
||
| 942 |
_2ddc _cAVM |
||
| 999 |
_c2077 _d2077 |
||